Sexuality and Disabilities : (Record no. 612529)

MARC details
000 -LEADER
fixed length control field 00504nam a2200193 a 4500
008 - FIXED-LENGTH DATA ELEMENTS--GENERAL INFORMATION
fixed length control field 260214s1993##################000#0#eng##
020 ## - INTERNATIONAL STANDARD BOOK NUMBER
ISBN 9781560243755
082 04 - DEWEY DECIMAL CLASSIFICATION NUMBER
Classification number 306.7087
Item number MAL
100 1# - MAIN ENTRY--AUTHOR NAME
Personal name Mackelprang, Romel W.,
245 10 - TITLE STATEMENT
Title Sexuality and Disabilities :
260 ## - PUBLICATION, DISTRIBUTION, ETC. (IMPRINT)
Name of publisher Psychology Press,
Year of publication 1993.
300 ## - PHYSICAL DESCRIPTION
Number of Pages 173 pages
650 #0 - SUBJECT ADDED ENTRY--TOPICAL TERM
Topical Term Medical.
942 ## - ADDED ENTRY ELEMENTS (KOHA)
Koha item type English Books
Holdings
Withdrawn status Lost status Damaged status Not for loan Home library Current library Shelving location Date acquired Full call number Accession Number Price effective from Koha item type
        Anna Centenary Library Anna Centenary Library 3RD FLOOR, B WING 14.02.2026 306.7087 MAL 191165 14.02.2026 English Books

Find us on the map